| 000 | 00613nam a22001937a 4500 | ||
|---|---|---|---|
| 005 | 20130711153722.0 | ||
| 010 | _aENG-107957 | ||
| 020 |
_c595.00 _a9789350352670 |
||
| 035 | _aEN-91490 | ||
| 037 | _bDBAD/PUB | ||
| 100 | _aParameswaran, S. | ||
| 245 | 0 | 0 |
_aLaw relating to power of attorney / _cby S. Parameswaran |
| 250 | _a5th ed | ||
| 260 |
_aDelhi _bUniversal Law Publishing Co. _c2013 |
||
| 270 |
_aC-FF-1A, Dilkhus Industrial Estate, (Near Azadpur Metro Station) G.T. Karnal Road, _bDelhi _e110033 |
||
| 300 |
_alix,428p. _c26cm(Hb) _e1 CD-ROM |
||
| 500 | _aIncludes subject index | ||
| 942 |
_2ddc _cEN _mPAR |
||
| 999 |
_c77411 _d77411 |
||